MDQL
is popping MORE tags! Check the
thread
!
Quizzes
Events
Quiz Creation
Community
Videos
Private Events
Remove Ads
Sign In
Join for FREE
Feedback
Dark Mode
Quiz Categories
Sports
Geography
Music
Movies
Television
Just For Fun
Miscellaneous
History
Literature
Language
Science
Gaming
Entertainment
Religion
Holiday
For Kids
Quiz Lab
Recent
Popular Today
Quiz Kudos Today
Editor Picks
Curator Picks
Quizzes by...
Day
Popularity
Type
Ratings
Length
Year
Community
Subscriptions
Recent Discussions
Orange Saloon
Badges
Playlists
Quests
Create
Leaderboards
Showdown
Live 5
Trivia Bingo
Activity
Puzzle Library
Sporcle Events
Private Events
Virtual Trivia
Globe League
Become a Host
Pub Owners
SporcleCon
Opinionation
Our Games
Videos
Blog
Mobile Apps
Partnerships
Remove Ads and Go Orange
Feedback
Sports
Athletes
MLB
NBA
NHL
NFL
Soccer
Sports Teams
WWE
NCAA
Football
Premier League
Basketball
Baseball
Hockey
Golf
Tennis
Cricket
Rugby
Auto Racing
Olympics
World Cup
Sports
Athletes
MLB
NBA
NHL
NFL
Soccer
Sports Teams
WWE
NCAA
Football
Premier League
Basketball
Baseball
Hockey
Golf
Tennis
Cricket
Rugby
Auto Racing
Olympics
World Cup
Random Quiz
Search Sporcle
×
Quiz Lab
Quiz Lab
Sports
NFL
Type in answers that appear in a list
Type in answers that appear in a list
Classic
Best Score? Go Orange.
NFL Trivia Stats
Can you answer these questions about the NFL?
By
pablioso
10m
20 Questions
296 Plays
296 Plays
296 Plays
Comments
Comments
Give Quiz Kudos
Give Quiz Kudos
-
- Ratings
hide this ad
Replay
Link that replays current quiz
Next Quiz
Link to next quiz in quiz playlist
You Got
0%
They Got
Avg Score
46%
Avg Friend Score
Upgrade to see
Score Distribution
Jump to the score distribution portion of the page
Score
0/20
Timer
10:00
0
Plays Today
Hint
Answer
% Correct
Who won Super Bowl I
Green Bay Packers
89.5%
Who is the most valuable NFL franchise according to Forbes?
Dallas Cowboys
74%
What is the only AFC West team never to win a Super Bowl?
San Diego Chargers
69.3%
Which team holds the record for most consecutive losses with 26?
Tampa Bay Buccaneers
63.5%
In what year was the last NFL expansion team added?
2002
60.1%
Who holds the record for most consecutive games played by a QB with 297?
Brett Favre
59.5%
Which state has hosted the most Super Bowls?
Florida
53%
Who was the 82nd pick in the 1979 NFL Draft?
Joe Montana
52%
How many years does a player have to be retired before being considered for the hall of fame?
Five
50.3%
Who was the first team to go undefeated in the regular season?
Chicago Bears
48.6%
Hint
Answer
% Correct
Which team did UFC star Brock Lesnar sign with in 2004?
Minnesota Vikings
45.6%
Who was the first running back to rush for 2000 yards in one season?
O.J. Simpson
43.2%
Which quarterback has had the most 300+ yard passing games in his career?
Dan Marino
41.2%
Which NFL team originally drafted Adam 'Pac-
Man' Jones?
Tennessee Titans
37.5%
In what year was the first NFL game televised?
1939
32.8%
In what city was Super Bowl I located?
Los Angeles
30.1%
Who is the only player other than Tom Brady to have 5 superbowl rings?
Charles Haley
27%
Who was the first wide receiver to win Super Bowl MVP?
Lynn Swan
25.3%
Which player is known as the 'Amish Rifle?'
Ryan Fitzpatrick
11.1%
Who holds the record for most championship game appearances?
Otto Graham
6.4%
Quiz Playlist
Details
Report
Send in Message
Add To Playlist
Classic:
Type in answers that appear in a list
Last Updated: Apr 1, 2017
Quiz Scoreboard
CHALLENGE
Sign Up to Join the Scoreboard
Show All
Scores
Hide
Comments
May contain spoilers
Recently Published
Holiday 10x10 Sorting Gallery
by lukepisani3
Holiday
15m
Two Season TV Shows II
by 123Four
Television
10m
Image Sorting: Flags VI
by Barbecue
Geography
2m
More to Explore
Quiz From the Vault
Featured Blog Post
14 Easter Pick-up Lines to Find Eggs With
hide this ad
You Might Also Like...
Tags
Football Quiz
NFL Quiz
Trivia
US Sports
Today's Top Quizzes in Sports
Browse Sports
hide this ad
Today's Top Quizzes in NFL
Browse NFL
Top Contributed Quizzes in Sports
1
Les meilleurs buteurs des matchs entre le PSG et l’OM
2
Les entraîneurs de l'OM et du PSG au 21e siècle
3
2022 World Cup Stars
4
Les joueurs passés par le PSG et l'OM
5
Players with Multiple 50 Home Run Seasons
6
FIFA Club World Cup Champions
7
Top 10 NHL Goal Scorers of All Time
8
Les joueurs passés par le LOSC et le RC Lens
9
Criteria MLB: Left Handed Sluggers
10
2023 MLB Unique Player Accomplishments
Explore More
Trending Topics
NBA
Harry Potter
Disney
Crossword
Kpop
Marvel
Anime
WWE
Pokémon
NFL
The Office
Country
Soccer
Puzzle
Song
hide this ad
More By:
pablioso
Quiz
Plays
Rating
Category
Featured
Created
Variety's Best TV Shows
5,793
4.47
Television
Dec 23, 2023
NHL Teams by Stadium
3,954
4.40
Sports
May 13, 2019
Most Famous People
2,325
5.00
History
Mar 4, 2021
NBA Trivia
2,303
3.40
Sports
Mar 31, 2017
NBA PPG: Higher or Lower
2,032
5.00
Sports
Sep 30, 2019
Go to Creator's Profile
Score Distribution
Quiz Creator Spotlight
pablioso
Follow
Send a Message
Quizzes Created
-
Created Quiz Play Count
-
More By This Creator
Popular Quizzes Today
1
Find the US States - No Outlines Minefield
2
Colored Red Africa Blitz
3
Find the 'City' Movie
4
The Countries of the World
5
5x2 Blitz: Bands
6
Find the US States
7
Find the Countries of Europe - No Outlines Minefield
8
US States
More Sports Quizzes
Стадионы Европы
Quiz Lab
Trending Quizzes
Colored Red Europe Blitz I
Colored Red Europe Blitz II
Colored Red Africa Blitz II
Colored Red Europe Blitz III
Colored Red Africa Blitz III
Recently Updated
Odd Team Out - Big 4 Players
pecheneg
Quick Pick: 20 Twenties
pecheneg
March Madness Men's Triple Doubles
pecheneg
How Do You Spell That?
pecheneg
Godzilla Movies
pecheneg
Grab Bag: 4-10 Letters
pecheneg
2024 March Madness Bracket
pecheneg
Famous TV Couples
Peacemaker
Champions League XIs: Real Madrid
pecheneg
Largest US Cities 1790-2010
pecheneg
Trending Topics
Harry Potter
NBA
Crossword
Anime
Marvel
Disney
Kpop
Puzzle
Country
Pokémon
The Office
Soccer
NFL
WWE
Song
Your Account Isn't Verified!
In order to create a playlist on Sporcle, you need to verify the email address you used during registration. Go to your
Sporcle Settings
to finish the process.
Report this User
Report this user for behavior that violates our
Community Guidelines
.
Details:
Send Report
Go to the Sporcle.com Mobile Site →
Comments